00599nam a2200205 a 450000100060000000300090000600800410001502000150005604000280007108200150009910000430011424500360015726000500019330000110024365000420025465000140029665000330031065000160034365000340035918060CO-ViMGA141112s2004 ck r 000 u spa d a8485691547 aCO-ViMGAbspacCO-ViMGA04a396.1 V4651 aMaquieira, Virginia; Sanchez, Cristina10aViolencia y sociedad patriarcal aMadríd (España), cPablo Iglesias, c1990 a154.p.14aDISCRIMINACION SEXUAL CONTRA LA MUJER14aFEMINISMO14aMUJER - CONDICIONES SOCIALES14aPATRIARCADO14aVIOLENCIA - ASPECTOS SOCIALES